Tài năng và đắc dụng (Nghiên cứu về một số nhân tài tiêu biểu ở Việt Nam và nước ngoài)
Nghiên cứu về một số nhân tài tiêu biểu ở Việt Nam và nước ngoài
Sparad:
| Huvudupphovsman: | |
|---|---|
| Materialtyp: | Bok |
| Språk: | Undetermined |
| Publicerad: |
Hà Nội
Chính trị Quốc gia
2008
|
| Ämnen: | |
| Taggar: |
Lägg till en tagg
Inga taggar, Lägg till första taggen!
|
| Thư viện lưu trữ: | Trung tâm Học liệu Trường Đại học Cần Thơ |
|---|
| LEADER | 00896nam a2200229Ia 4500 | ||
|---|---|---|---|
| 001 | CTU_148344 | ||
| 008 | 210402s9999 xx 000 0 und d | ||
| 020 | |c 37500 | ||
| 082 | |a 305.90092 | ||
| 082 | |b L561 | ||
| 100 | |a Nguyễn, Hoàng Lương | ||
| 245 | 0 | |a Tài năng và đắc dụng | |
| 245 | 0 | |b (Nghiên cứu về một số nhân tài tiêu biểu ở Việt Nam và nước ngoài) | |
| 245 | 0 | |c Nguyễn, Hoàng Lương, Phạm Hồng Tung (chủ biên) | |
| 260 | |a Hà Nội | ||
| 260 | |b Chính trị Quốc gia | ||
| 260 | |c 2008 | ||
| 520 | |a Nghiên cứu về một số nhân tài tiêu biểu ở Việt Nam và nước ngoài | ||
| 650 | |a Genius,Thiên tài | ||
| 650 | |x Bibliography,Tiểu sử | ||
| 904 | |i Hạ Nguyên | ||
| 980 | |a Trung tâm Học liệu Trường Đại học Cần Thơ | ||